000 00341nam a22001457a 4500
003 OSt
005 20160727222400.0
008 160623b xxu||||| |||| 00| 0 eng d
040 _cTEST
100 _9679
_aHarvey, P
245 _aThe Rest of the Story
260 _aUSA
_bPaul Harvey
_c1969
300 _aThe Rest of the Story
942 _2ddc
_cBK
999 _c548
_d548